[Event "BIH-ch 12th"]
[Site "Lukavac"]
[Date "2018.12.14"]
[Round "2"]
[White "Simic, Marko L"]
[Black "Imamovic, Smail"]
[Result "1-0"]
[WhiteElo "2072"]
[BlackElo "1873"]
[PlyCount "93"]
[EventDate "2018.12.13"]
[EventType "swiss"]
[EventRounds "7"]
[EventCountry "BIH"]
[SourceTitle "CBM 187 Extra"]
[Source "ChessBase"]
[SourceDate "2018.11.04"]
[SourceVersion "1"]
[SourceVersionDate "2018.11.04"]
[SourceQuality "1"]

1. e4 e5 2. Nf3 Nc6 3. Bb5 a6 4. Ba4 b5 5. Bb3 Bc5 6. 0-0 d6 7. c3 Bg4 8. Bd5 Qd7 9. d4 Bxf3 10. Qxf3 Bb6 11. Qg3 0-0-0 12. Qxg7 Nge7 13. Qxf7 Rdf8 14. Bxc6 Nxc6 15. Qxd7+ Kxd7 16. d5 Ne7 17. Be3 Ng6 18. Bxb6 cxb6 19. Nd2 Rhg8 20. Kh1 h5 21. Rae1 h4 22. Re3 Nf4 23. Rf3 Rc8 24. g3 Ng6 25. Rf7+ Ne7 26. Rh7 Rh8 27. Rxh8 Rxh8 28. Kg2 Ng6 29. h3 Rg8 30. Kh2 Rf8 31. Kg2 a5 32. Nf3 Rg8 33. Kh2 hxg3+ 34. fxg3 Rc8 35. Ng5 b4 36. Rf3 Rc4 37. h4 a4 38. a3 bxc3 39. bxc3 Rc5 40. h5 Ne7 41. Kh3 Rb5 42. h6 Ng6 43. Rf6 Nh8 44. Rf8 Ng6 45. Rg8 Rb1 46. Rxg6 b5 47. h7 1-0